Revista internacional de ciencias podológicas

Bibliographic Details
Corporate Author: Universidad Complutense de Madrid
Format: Electronic Journal
Language:Spanish
Published: Madrid, Spain : Universidad Complutense de Madrid
Subjects:
Online Access:Full text available from Research Library: 01/01/2007 to present

MARC

LEADER 00000nas a2200000 a 4500
001 ssj0000400104
003 WaSeSS
005 20200512172242.0
006 m d
007 cr n
008 101208c20079999sp || p|s||||||||||0spa|d
022 |a 1887-7249 
035 |a (WaSeSS)ssj0000400104 
040 |a WaSeSS  |c WaSeSS  |d WaSeSS 
050 4 |a RD563 
245 0 0 |a Revista internacional de ciencias podológicas  |h [electronic resource]. 
260 |a Madrid, Spain :  |b Universidad Complutense de Madrid 
310 |a Semiannual 
362 1 |a Began with Vol. 1, no. 1 (2007). 
506 |a License restrictions may limit access. 
588 |a Description based on: Vol. 1, no. 1 (2007); title from volume contents page (ProQuest, viewed Dec. 8, 2010). 
588 |a Latest issue consulted: Vol. 4, no. 2 (2010) (viewed Dec. 8, 2010). 
650 0 |a Podiatry  |v Periodicals. 
655 0 |a Electronic journals. 
710 2 |a Universidad Complutense de Madrid. 
856 4 0 |z Full text available from Research Library: 01/01/2007 to present  |u https://search.proquest.com/publication/54857